000 01197nam a2200241Ia 4500
003 Ost
005 20260416102351.0
008 260416s9999||||xx |||||||||||||| ||und||
040 _cfsecg
041 _aara
082 _a336.2
100 _aبن الجوزي، محمد
_eمؤلف
245 0 _aالجباية المعمقة للمؤسسة /
_c محمد بن الجوزي
260 _aالجزائر
_bجامعة الجزائر3: كلية العلوم الإقتصادية، العلوم التجارية وعلوم التسيير
_c2017
300 _a87 ورقة
_bايضاحات
_c30 سم
504 _aمراجع ص.86
520 _aالضريبة على الدخل الاجمالي IRG ، الضريبة على أرباح الشركات، الرسم على النشاط المهني TAP، الرسم العقاري T.fonc، الرسم على القيمة المضافة TVA، دراسة حالات شاملة
653 _aالدخل
653 _aالضرائب
653 _aضرائب الدخل
710 _aجامعة الجزائر3: كلية العلوم الإقتصادية، العلوم التجارية وعلوم التسيير
_eناشر علمي
942 _cHANDOUT
999 _c41025
_d41025